00792nam a22002177a 450000500170000001000150001702000260003203500140005803700090007208200160008110000200009724500580011725000060017526000540018127000880023530000200032370000320034394200260037599900190040195201540042020250212110140.0 aENG-143741 c999.00a9788119798285 aEN-127273 bDBAD a320.150921 aOm, Hari977507 aJammu and Kashmir Assembly Election 2024/cby Hari Om a1 aNew Delhi bHar-Anand Publications Pvt Ltd c2024 bNew Delhi e110020aE-49/3, Okhla Industrial Area, Phase IIminfo@haranandbooks.com a262p.c22cm(pb) aOm, HarieTranslator977463 2ddccENmOMh320.1509 c208967d208967 001040708NFICaLbLd2025-02-10eDelivery of Books Act Divisiong999.00l0oOM 320.1509pEN-127273r2025-02-10 00:00:00t1v999.00w2025-02-10yEN